000 00921cab a2200253 4500
001 Z3743
008 090401t1993 xxu||||| |||| 00| 0 eng d
035 _a(Sirsi) u54927
041 _aeng
245 _aRafique and others v The Trustees of the Walton Estate
260 _c1993
350 _a0
490 _aProperty and Compensation Reports
_v(1993) 65 P&CR 356-358(3)
520 _aChD 2 June 1992. Concerned an interlocutory injunction, which restrained the defendant landowners from preventing the plaintiffs using an access route across their land. The landowners` wish to erect a gate across the road, providing the plaintiffs with a key, was rejected.
650 _aACCESS ROAD
650 _aBARRIER
650 _aEASEMENTS
650 _aHOUSING ESTATE
650 _aINCONVENIENCE
650 _aRIGHTS OF WAY
690 _aHIGHWAYS AND RIGHTS OF WAY-CASE LAW
942 _n0
948 _c04/03/1997
999 _c33636
_d33636